|
|
|
|
| LEADER |
00000nam0a2200000 4500 |
| 001 |
134961 |
| 005 |
20231031135915.0 |
| 010 |
|
|
|a 5229007397
|
| 020 |
|
|
|a RU
|b 92-25160
|
| 035 |
|
|
|a (RuTPU)RU\TPU\book\146274
|
| 090 |
|
|
|a 134961
|
| 100 |
|
|
|a 20080405d1992 k a0rusy5003 ca
|
| 101 |
0 |
|
|a rus
|
| 102 |
|
|
|a RU
|
| 105 |
|
|
|a a z 001zy
|
| 200 |
1 |
|
|a Совершенствование организации производства во вторичной цветной металлургии
|f Г. А. Семенов, В. И. Крючков, А. В. Бреславцев
|
| 210 |
|
|
|a Москва
|c Металлургия
|d 1992
|
| 215 |
|
|
|a 159,[1] с.
|d 21 см
|
| 320 |
|
|
|a Библиогр.: с. 160. (24 назв.)
|
| 610 |
1 |
|
|a цветные металлы
|
| 610 |
1 |
|
|a организация производства
|
| 610 |
1 |
|
|a цветная металлургия
|
| 610 |
1 |
|
|a металлургия
|
| 675 |
|
|
|a 669.2.004.8
|z rus
|
| 700 |
|
1 |
|a Семенов
|b Г. А.
|g Григорий Антонович
|4 070
|
| 701 |
|
1 |
|a Крючков
|b В. И.
|g Владимир Иванович
|
| 701 |
|
1 |
|a Бреславцев
|b А. В.
|g Александр Владимирович
|
| 801 |
|
0 |
|a RU
|b RuMRKP
|c 19950417
|g psbo
|
| 801 |
|
1 |
|a RU
|b 63413507
|c 20080405
|g PSBO
|
| 801 |
|
2 |
|a RU
|b 63413507
|c 20090120
|g PSBO
|
| 942 |
|
|
|c BK
|